Una introducción a la alquimia : (Record no. 232982)
[ view plain ]
| 000 -CABECERA | |
|---|---|
| campo de control de longitud fija | 00800nam a2200157Ia 4500 |
| 001 - NÚMERO DE CONTROL | |
| campo de control | 13211 |
| 008 - DATOS DE LONGITUD FIJA--INFORMACIÓN GENERAL | |
| campo de control de longitud fija | 250715b |||||||| |||| 00| 0 spa d |
| 020 ## - NÚMERO INTERNACIONAL ESTÁNDAR DEL LIBRO | |
| Número Internacional Estándar del Libro | 84-493-1483-6 |
| 041 ## - CÓDIGO DE LENGUA | |
| Código de lengua del texto/banda sonora o título independiente | spa \ eng |
| 100 ## - ENTRADA PRINCIPAL--NOMBRE DE PERSONA | |
| Nombre de persona | Zolla, Elemire, [(1926-2002)] |
| 240 ## - TÍTULO UNIFORME | |
| Título uniforme | Le meraviglie della natura |
| 245 ## - MENCIÓN DE TÍTULO | |
| Título | Una introducción a la alquimia : |
| Resto del título | las maravillas de la naturaleza / |
| Mención de responsabilidad, etc. | por Elémire Zolla; José María Pinto trad. |
| 260 ## - PUBLICACIÓN, DISTRIBUCIÓN, ETC. | |
| Lugar de publicación, distribución, etc. | Barcelona : |
| Nombre del editor, distribuidor, etc. | Paidós Iberica; Marsilio Italia, 2003 |
| 500 ## - NOTA GENERAL | |
| Nota general | Referencias Bibliográficas de los fragmentos citados : Cancionero, Madrid Alianza, 1995, trad. de Ángel Crespo ; La Divina Comedia, Barcelona Planeta, 1990, trad. de Ángel Crespo ; Las Flores del Mla, Madrid, Alianza, 1997, trad. de Antonio Martínez Sarrión |
| 700 ## - PUNTO DE ACCESO ADICIONAL--NOMBRE DE PERSONA | |
| Nombre de persona | I.Pinto, José Maria trad. |
No items available.
